000 006900000a22002170004500
003 LK-CoMWRAF
005 20231020145231.0
008 230817t1991 ||||| |||| 00| 0 eng d
020 _a139780195631951
040 _aLK-CoMWRAF
_dLK-CoMWRAF
_eLK-CoMWRAF
041 _aeng
082 _a891.1
_bWOM
245 _aWomen Writing in India:
_bVolume 1: 600 BC to the Early Twentieth Century
260 _aNew Delhi:
_bOxford university press,
_c1991
300 _axxix,537 p.
_bBibliography and index included
650 _aINDIC LITERATURE-Women authors
650 _aIndic literature (English)--Women authors
700 _aTharu, Susie,
_eed.
700 _aLalita, K.
_eed.
942 _cBK
999 _c2111
_d2111